[Event "RSA-ch U08 Girls"]
[Site "Bloemfontein"]
[Date "2016.03.24"]
[Round "9"]
[White "Bester, Keira"]
[Black "Terblanche, Anja"]
[Result "1-0"]
[WhiteElo "529"]
[BlackElo "400"]
[PlyCount "33"]
[EventDate "2016.03.20"]
[EventType "swiss"]
[EventRounds "11"]
[EventCountry "RSA"]
[SourceTitle "CBM 171 Extra"]
[Source "ChessBase"]
[SourceDate "2016.04.26"]
[SourceVersion "1"]
[SourceVersionDate "2016.04.26"]
[SourceQuality "1"]

1. e4 e5 2. Nf3 Nc6 3. Bb5 Nf6 4. 0-0 d6 5. Re1 Be7 6. d4 d5 7. Bg5 dxe4 8. Bxf6 Qd6 9. Nxe5 0-0 10. Nxc6 Qd7 11. Nxe7+ Qxe7 12. Nd2 h6 13. Bh4 g5 14. Bg3 Bg4 15. Qc1 Rad8 16. c3 Qe8 17. Be5 1-0

[Event "RSA-ch U08 Girls"]
[Site "Bloemfontein"]
[Date "2016.03.23"]
[Round "7"]
[White "Terblanche, Anja"]
[Black "Breytenbach, Anja"]
[Result "0-1"]
[WhiteElo "400"]
[BlackElo "367"]
[PlyCount "66"]
[EventDate "2016.03.20"]
[EventType "swiss"]
[EventRounds "11"]
[EventCountry "RSA"]
[SourceTitle "CBM 171 Extra"]
[Source "ChessBase"]
[SourceDate "2016.04.26"]
[SourceVersion "1"]
[SourceVersionDate "2016.04.26"]
[SourceQuality "1"]

1. e4 c6 2. Nf3 d5 3. exd5 cxd5 4. Nc3 Nf6 5. Bb5+ Nbd7 6. 0-0 e6 7. d4 Bb4 8. Bg5 h6 9. Bxf6 Qxf6 10. a3 Ba5 11. Re1 0-0 12. Bxd7 Bxd7 13. Re5 Bc7 14. Rh5 Rfe8 15. b4 Qg6 16. Nh4 Qf6 17. Qe2 Qe7 18. Qd1 Qd8 19. Kf1 g6 20. Qg4 Bb5+ 21. Ke1 Bc4 22. Nf3 a5 23. bxa5 Bxa5 24. Rd1 Bxc3+ 25. Nd2 Rxa3 26. Rh3 e5 27. Rxc3 Rxc3 28. Nxc4 exd4+ 29. Qe2 Rxe2+ 30. Kf1 Re1+ 31. Kxe1 Qe7+ 32. Ne3 dxe3 33. fxe3 Qxe3+ 0-1